Tribhuvan University Central Library

Teacher's perceptions on English as a medium of instruction. (Record no. 86469)

MARC details
000 -LEADER
fixed length control field 00439nam a22001457a 4500
008 - FIXED-LENGTH DATA ELEMENTS--GENERAL INFORMATION
fixed length control field 190823b xxu||||| |||| 00| 0 eng d
082 ## - DEWEY DECIMAL CLASSIFICATION NUMBER
Classification number CD15604
100 ## - MAIN ENTRY--PERSONAL NAME
Personal name Rai, Aananda
245 ## - TITLE STATEMENT
Title Teacher's perceptions on English as a medium of instruction.
260 ## - PUBLICATION, DISTRIBUTION, ETC. (IMPRINT)
Place of publication, distribution, etc Kathmandu:
Date of publication, distribution, etc 2019.
502 ## - DISSERTATION NOTE
Dissertation note Dissertation
Degree type Degree in English (Education)
Name of granting institution T.U.
650 ## - SUBJECT ADDED ENTRY--TOPICAL TERM
Topical term or geographic name as entry element English language
650 ## - SUBJECT ADDED ENTRY--TOPICAL TERM
Topical term or geographic name as entry element Teaching and learning
-- 6461
942 ## - ADDED ENTRY ELEMENTS (KOHA)
Source of classification or shelving scheme Dewey Decimal Classification
Koha item type Audio Visual Materials
Holdings
Withdrawn status Lost status Source of classification or shelving scheme Damaged status Not for loan Home library Current library Date acquired Total Checkouts Full call number Barcode Date last seen Price effective from Koha item type
    Dewey Decimal Classification     Tribhuvan University Central Library Tribhuvan University Central Library 08/23/2019   CD15604 A15555 08/23/2019 08/23/2019 Audio Visual Materials